Homemade Dynamite - Lorde (All Lyrics) - Statistics

General Stats
  • This quiz has been taken 18 times
  • The average score is 217 of 291
Answer Stats
Hint Answer % Correct
[Verse 1] A
100%
be
100%
But
100%
d-d-d-dynamite
100%
Don't
100%
homemade
100%
I
100%
know
100%
Know
100%
me
100%
that
100%
the
100%
think
100%
up
100%
we
100%
well
100%
We'll
100%
with
100%
you
100%
as
92%
might
92%
[Verse 2] Might
92%
[Post-Chorus] Now
92%
out
92%
same
92%
things
92%
to
92%
blow
85%
couple
85%
of
85%
shit
85%
super
85%
your
85%
you're
85%
all
77%
All
77%
awesome,
77%
best
77%
Blowing
77%
let
77%
[Pre-Chorus] Let's
77%
let's
77%
my
77%
nowhere
77%
rebel
77%
right?
77%
So
77%
Flying
69%
Gun
69%
he
69%
our
69%
[Chorus] | [Outro] Our
69%
pilots
69%
rules,
69%
abnormally
62%
Behave
62%
come
62%
friend
62%
get
62%
I'll
62%
see,
62%
See
62%
Top
62%
we're
62%
woodwork
62%
blind
54%
can
54%
dreams,
54%
give
54%
on
54%
Yeah,
54%
and
46%
drinks,
46%
drive
46%
it's
46%
rolling,
46%
tell
46%
broken
38%
end
38%
friends,
38%
glass
38%
hardly
38%
inspired
38%
lies
38%
love
38%
off
38%
red
38%
road,
38%
showing
38%
sparkling
38%
chrome
31%
Dancing
31%
else
31%
gonna
31%
painted
31%
shoes
31%
someone
31%
guess
23%
partying
23%
really
23%
T-shirt
23%
side,
15%
under
15%
Hands
8%
Seeing
8%
ooh-ooh
0%
No matching quizzes found
Score Distribution
Percent of People with Each Score
Percentile by Number Answered
Your Score History
You have not taken this quiz